| 000 | 00511nam a2200193Ia 4500 | ||
|---|---|---|---|
| 003 | 0100 | ||
| 008 | 130303s9999 xx 000 0 und d | ||
| 040 | _cARRUPELIB | ||
| 050 | _aBV4460.7.K74 2008 | ||
| 100 | _aKnox, Peter | ||
| 245 | _aAIDS, ancestors and salvation | ||
| 245 | _blocal beliefs in christian ministry to the sick | ||
| 260 | _bPaulines Publications Africa | ||
| 260 | _C2008 | ||
| 300 | _a264p. | ||
| 300 | _b 24cm. | ||
| 650 | _bChristianity-Middle Ages, 600-1500 | ||
| 942 |
_2lcc _03 |
||
| 999 |
_c67085 _d67085 |
||